00410nmm a2200157Ia 4500008004100000041000800041100002200049245001000071264004600081300001600127490000900143650001700152700002200169700001000191856005100201251105s9999||||xx |||||||||||||||||und|| aspa aHermansson, B. J. 0aPadre a[Madrid, España] :bSaga Egmont, c2019 a0 páginas aLUST aErotic novel aHermansson, B. J.1 a Lust uhttps://public.digitaliapublishing.com/a/99657